[Event "Montreal Mercredi 02"]
[Site "Montreal"]
[Date "2014.02.26"]
[Round "2"]
[White "Valle, Ricardo"]
[Black "Rondon, Luciano"]
[Result "1-0"]
[WhiteElo "1933"]
[BlackElo "2005"]
[PlyCount "138"]
[EventDate "2014.02.19"]
[EventType "swiss"]
[EventRounds "5"]
[EventCountry "CAN"]
[SourceTitle "EXT 2022"]
[Source "ChessBase"]
[SourceDate "2021.10.06"]
[SourceVersion "1"]
[SourceVersionDate "2021.10.06"]
[SourceQuality "1"]

1. Nf3 d5 2. b3 Nf6 3. e3 Bf5 4. Bb2 h6 5. Be2 e6 6. 0-0 c5 7. Ne5 a6 8. f4 h5 9. d3 Nc6 10. Nxc6 bxc6 11. Bf3 Be7 12. Qe2 Qb6 13. c4 Bg4 14. e4 Bxf3 15. Qxf3 d4 16. Nd2 Ng4 17. Rfe1 Ne3 18. Rxe3 dxe3 19. Qxe3 Bf6 20. e5 Be7 21. Ne4 0-0-0 22. Bc3 a5 23. Qd2 Qb7 24. Bxa5 Rd7 25. Qe2 Qa6 26. Be1 Rhd8 27. Rd1 Qa3 28. Nc3 Qa7 29. Bf2 g6 30. Na4 Qa5 31. h3 Kc7 32. Qc2 Rb8 33. Be3 Rbd8 34. Kf2 Rb8 35. Ke2 Qb4 36. Bd2 Qb7 37. Ba5+ Kc8 38. Nb6+ Kd8 39. Nxd7+ Kxd7 40. d4 Ke8 41. Qd2 cxd4 42. Qxd4 c5 43. Qf2 Ra8 44. Bd2 Qe4+ 45. Kf1 Rxa2 46. Qe3 Qxe3 47. Bxe3 Rb2 48. Rd3 Bf8 49. h4 Be7 50. g3 Bf8 51. Bf2 Ra2 52. Kg2 Be7 53. Kf3 Rb2 54. Be1 Bd8 55. Bd2 Ra2 56. b4 cxb4 57. Bxb4 Rc2 58. Rc3 Rb2 59. Bd6 Ba5 60. Ra3 Bb4 61. Ra7 Be1 62. Re7+ Kd8 63. c5 Rf2+ 64. Ke3 Rc2 65. Rxf7 Bxg3 66. Kf3 Bxh4 67. Rg7 Bf2 68. Rxg6 Kd7 69. Rg7+ Kc6 1-0

[Event "Montreal Mercredi 01"]
[Site "Montreal"]
[Date "2014.01.29"]
[Round "4"]
[White "Valle, Ricardo"]
[Black "Rondon, Luciano"]
[Result "1-0"]
[WhiteElo "2009"]
[BlackElo "1910"]
[PlyCount "51"]
[EventDate "2014.01.08"]
[EventType "swiss"]
[EventRounds "5"]
[EventCountry "CAN"]
[SourceTitle "EXT 2022"]
[Source "ChessBase"]
[SourceDate "2021.10.06"]
[SourceVersion "1"]
[SourceVersionDate "2021.10.06"]
[SourceQuality "1"]

1. c4 Nf6 2. Nc3 g6 3. d4 c5 4. d5 d6 5. e4 Bg7 6. Be2 0-0 7. g4 Nbd7 8. h4 Ne5 9. g5 Nh5 10. f4 Ng3 11. Rh2 Nxe2 12. Qxe2 Ng4 13. Rg2 f5 14. gxf6 exf6 15. Rxg4 Bxg4 16. Qxg4 f5 17. exf5 Rxf5 18. Bd2 b5 19. Nxb5 Bxb2 20. Rb1 Bf6 21. Nf3 Rb8 22. Ng5 Bxg5 23. hxg5 Qe7+ 24. Qe2 Qf7 25. Rb3 Qf8 26. Qe6+ 1-0

[Event "Montreal Mercredi 01"]
[Site "Montreal"]
[Date "2014.01.08"]
[Round "1"]
[White "Valle, Ricardo"]
[Black "Nardone, Raul"]
[Result "1-0"]
[WhiteElo "2009"]
[BlackElo "1898"]
[PlyCount "91"]
[EventDate "2014.01.08"]
[EventType "swiss"]
[EventRounds "5"]
[EventCountry "CAN"]
[SourceTitle "EXT 2022"]
[Source "ChessBase"]
[SourceDate "2021.10.06"]
[SourceVersion "1"]
[SourceVersionDate "2021.10.06"]
[SourceQuality "1"]

1. e4 c5 2. Nf3 e6 3. c4 Nc6 4. Nc3 b6 5. Be2 Bb7 6. d3 d6 7. 0-0 Be7 8. a3 Nf6 9. Rb1 0-0 10. b4 Rc8 11. Bg5 Ng4 12. Bxe7 Qxe7 13. b5 Nb8 14. Qc2 Ne5 15. Ne1 f5 16. f4 Ng4 17. Bxg4 fxg4 18. Qe2 Qh4 19. g3 Qf6 20. Nd1 h5 21. Ng2 d5 22. e5 Qd8 23. Nde3 d4 24. Nd1 Qe8 25. Nf2 Bf3 26. Qe1 Bxg2 27. Kxg2 Qg6 28. Qe4 Qf7 29. h4 Rc7 30. Qe2 Nd7 31. Ne4 Ra8 32. Nd6 Qe7 33. Qe4 Rf8 34. a4 Kh8 35. a5 bxa5 36. Ra1 a4 37. Rxa4 Nb6 38. Ra6 Kg8 39. Qg6 Rd7 40. Ne4 Qd8 41. Qxh5 Nxc4 42. dxc4 d3 43. Qxg4 d2 44. Qxe6+ Kh8 45. Rd6 Qa8 46. Qd5 1-0

[Event "Montreal Mercredi 11"]
[Site "Montreal"]
[Date "2013.12.11"]
[Round "5"]
[White "Valle, Ricardo"]
[Black "Tremblay, Alain"]
[Result "0-1"]
[WhiteElo "1995"]
[BlackElo "2076"]
[PlyCount "56"]
[EventDate "2013.11.13"]
[EventType "swiss"]
[EventRounds "5"]
[EventCountry "CAN"]
[SourceTitle "EXT 2022"]
[Source "ChessBase"]
[SourceDate "2021.10.06"]
[SourceVersion "1"]
[SourceVersionDate "2021.10.06"]
[SourceQuality "1"]

1. Nf3 d6 2. c4 g6 3. Nc3 Bg7 4. d3 Nf6 5. h3 Nc6 6. g4 a6 7. Bg2 Bd7 8. Rb1 Rb8 9. Bd2 b5 10. cxb5 axb5 11. g5 Nh5 12. Ne4 Ne5 13. Nxe5 Bxe5 14. e3 d5 15. Nc5 d4 16. Nxd7 Qxd7 17. Qc2 0-0 18. 0-0 Rbd8 19. exd4 Bxd4 20. Qc6 Qf5 21. Qf3 Qe6 22. a3 Qb3 23. Rfd1 c5 24. Qe2 e5 25. Kh2 f6 26. Bf3 fxg5 27. Bxg5 Rxf3 28. Qxf3 Rf8 0-1

[Event "Montreal Mercredi 11"]
[Site "Montreal"]
[Date "2013.12.04"]
[Round "4"]
[White "Cloutier, Mathieu"]
[Black "Valle, Ricardo"]
[Result "1/2-1/2"]
[WhiteElo "2112"]
[BlackElo "1995"]
[PlyCount "96"]
[EventDate "2013.11.13"]
[EventType "swiss"]
[EventRounds "5"]
[EventCountry "CAN"]
[SourceTitle "EXT 2022"]
[Source "ChessBase"]
[SourceDate "2021.10.06"]
[SourceVersion "1"]
[SourceVersionDate "2021.10.06"]
[SourceQuality "1"]

1. e4 c6 2. d4 d5 3. Nc3 dxe4 4. Nxe4 Nf6 5. Ng5 h6 6. N5f3 Bg4 7. h3 Bh5 8. Bd3 Bxf3 9. Nxf3 Nbd7 10. Bf4 e6 11. c3 Nb6 12. Qe2 Bd6 13. Ne5 0-0 14. 0-0 Nbd5 15. Bg3 c5 16. dxc5 Bxc5 17. Rad1 Qe7 18. a3 a5 19. c4 Nc7 20. Kh1 Rfd8 21. f4 Nce8 22. Bh4 Qc7 23. f5 exf5 24. Bxf5 Rxd1 25. Rxd1 Rd8 26. Rxd8 Qxd8 27. Ng4 Qd4 28. Bf2 Qd6 29. Bxc5 Qxc5 30. Bd7 Kf8 31. Nxf6 Nxf6 32. Bb5 Qc7 33. b4 axb4 34. axb4 g6 35. c5 Qf4 36. Qc4 Qxc4 37. Bxc4 Ke7 38. Kg1 Nd7 39. Bd5 b6 40. Bxf7 bxc5 41. bxc5 Nxc5 42. Bxg6 Kf6 43. Bc2 Ne6 44. Kf2 Nf4 45. Bd1 Kg5 46. Bg4 h5 47. g3 hxg4 48. h4+ Kf5 1/2-1/2

[Event "Montreal Mercredi 11"]
[Site "Montreal"]
[Date "2013.11.13"]
[Round "1"]
[White "Boudreau, Daniel"]
[Black "Valle, Ricardo"]
[Result "1/2-1/2"]
[WhiteElo "2058"]
[BlackElo "1995"]
[PlyCount "113"]
[EventDate "2013.11.13"]
[EventType "swiss"]
[EventRounds "5"]
[EventCountry "CAN"]
[SourceTitle "EXT 2022"]
[Source "ChessBase"]
[SourceDate "2021.10.06"]
[SourceVersion "1"]
[SourceVersionDate "2021.10.06"]
[SourceQuality "1"]

1. e4 Nf6 2. Nc3 d5 3. exd5 Nxd5 4. d4 Nxc3 5. bxc3 Nc6 6. Bb5 Bd7 7. Nf3 a6 8. Bd3 e6 9. 0-0 Be7 10. Rb1 Rb8 11. Qe2 0-0 12. Bf4 a5 13. Rfe1 Bf6 14. h4 g6 15. h5 Ne7 16. c4 b6 17. g4 Bc6 18. c3 Bxf3 19. Qxf3 Bg7 20. Qe4 Re8 21. Be5 Bxe5 22. dxe5 Nc8 23. Re3 Qg5 24. Rg3 Na7 25. Kg2 Qe7 26. Rh3 Qg5 27. Rbh1 Kf8 28. f4 Qd8 29. hxg6 hxg6 30. f5 exf5 31. gxf5 Qg5+ 32. Kf3 gxf5 33. Qxf5 Qxf5+ 34. Bxf5 Nc6 35. Kf4 Nxe5 36. Rh8+ Kg7 37. R8h7+ Kf6 38. R1h6+ Ng6+ 39. Bxg6 fxg6 40. Rxc7 Rbc8 41. Rhh7 g5+ 42. Kf3 g4+ 43. Kxg4 Re4+ 44. Kf3 Rxc4 45. Rh6+ Ke5 46. Re7+ Kd5 47. Rxb6 Rxc3+ 48. Kf4 Rf8+ 49. Kg4 Rc4+ 50. Kg5 Rf2 51. Rb5+ Kd6 52. Ra7 a4 53. a3 Rf3 54. Rb4 Rxb4 55. axb4 a3 56. Ra5 Rb3 57. Kf6 1/2-1/2

[Event "Montreal Mercredi 10"]
[Site "Montreal"]
[Date "2013.10.23"]
[Round "4"]
[White "Boudreau, Daniel"]
[Black "Valle, Ricardo"]
[Result "1-0"]
[WhiteElo "2067"]
[BlackElo "2025"]
[PlyCount "45"]
[EventDate "2013.10.02"]
[EventType "swiss"]
[EventRounds "5"]
[EventCountry "CAN"]
[SourceTitle "EXT 2022"]
[Source "ChessBase"]
[SourceDate "2021.10.06"]
[SourceVersion "1"]
[SourceVersionDate "2021.10.06"]
[SourceQuality "1"]

1. e4 c5 2. f4 e6 3. c4 Nc6 4. Nc3 g5 5. fxg5 Qxg5 6. Nf3 Qh5 7. Nb5 Rb8 8. Nc7+ Kd8 9. Nb5 a6 10. Nc3 Bg7 11. Be2 Nge7 12. d3 f6 13. Bf4 Ra8 14. Qb3 Qf7 15. Qb6+ Ke8 16. Qxc5 f5 17. 0-0 Rg8 18. Kh1 h6 19. Rae1 Bxc3 20. bxc3 Qg7 21. Nh4 e5 22. Bh5+ Kf8 23. Ng6+ 1-0

[Event "Montreal Mercredi 08"]
[Site "Montreal"]
[Date "2013.09.18"]
[Round "4"]
[White "Cloutier, Mathieu"]
[Black "Valle, Ricardo"]
[Result "1-0"]
[WhiteElo "2088"]
[BlackElo "2025"]
[PlyCount "111"]
[EventDate "2013.08.28"]
[EventType "swiss"]
[EventRounds "5"]
[EventCountry "CAN"]
[SourceTitle "EXT 2022"]
[Source "ChessBase"]
[SourceDate "2021.10.06"]
[SourceVersion "1"]
[SourceVersionDate "2021.10.06"]
[SourceQuality "1"]

1. e4 b6 2. d4 Bb7 3. Bd3 e6 4. Nf3 Ne7 5. 0-0 Ng6 6. c4 a5 7. Nc3 Bb4 8. e5 Bxc3 9. bxc3 f5 10. Ng5 Kf8 11. Qh5 Qe8 12. g4 h6 13. gxf5 Ne7 14. Qh3 Kg8 15. Nf3 exf5 16. Bxf5 Qf7 17. Bg4 h5 18. Ng5 Qe8 19. Bf3 Bxf3 20. Qxf3 Nbc6 21. Qe4 h4 22. d5 Na7 23. f4 g6 24. e6 d6 25. Be3 Nf5 26. Bd4 Rh5 27. Kf2 Qe7 28. Rg1 Rf8 29. Nf7 Rxf7 30. exf7+ Kxf7 31. Rae1 Qxe4 32. Rxe4 Nc8 33. Re6 Nce7 34. Rf6+ Ke8 35. Rg5 Rh6 36. Re6 Kd7 37. Re1 b5 38. cxb5 Nxd5 39. Kf3 h3 40. Reg1 c5 41. bxc6+ Kxc6 42. Bf2 Nde7 43. Rb1 Rh8 44. Rb6+ Kd7 45. Ra6 Rc8 46. Be1 Rc5 47. Kg4 Rb5 48. Kxh3 Rb1 49. Bg3 Rc1 50. Rxa5 Rxc3 51. a4 Ra3 52. Rxg6 Nxg6 53. Rxf5 Rxa4 54. Rf6 Nh8 55. f5 Rd4 56. Rf8 1-0

[Event "Montreal Mercredi 02"]
[Site "Montreal"]
[Date "2012.03.14"]
[Round "4"]
[White "Valle, Ricardo"]
[Black "Gauthier, Denis"]
[Result "1-0"]
[WhiteElo "2085"]
[BlackElo "1935"]
[PlyCount "87"]
[EventDate "2012.02.22"]
[EventType "swiss"]
[EventRounds "5"]
[EventCountry "CAN"]
[SourceTitle "EXT 2022"]
[Source "ChessBase"]
[SourceDate "2021.10.06"]
[SourceVersion "1"]
[SourceVersionDate "2021.10.06"]
[SourceQuality "1"]

1. g3 Nf6 2. Bg2 d5 3. d3 c6 4. Nf3 Bg4 5. Nbd2 Nbd7 6. 0-0 e6 7. c3 Qc7 8. Qc2 Bd6 9. Re1 0-0 10. Nf1 Bh5 11. h3 h6 12. e4 Bg6 13. N3h2 e5 14. Ng4 Rfe8 15. Nxf6+ Nxf6 16. Ne3 dxe4 17. dxe4 Rad8 18. a4 a5 19. Nc4 Bc5 20. Be3 Bxe3 21. Rxe3 Rd7 22. b4 axb4 23. cxb4 Red8 24. a5 Rd4 25. Rae1 Qe7 26. Qc3 Qe6 27. Nb2 Ne8 28. Na4 Qc4 29. Rb1 Nd6 30. f3 Qe6 31. Nc5 Qe7 32. Bf1 Qg5 33. Kf2 Qe7 34. Bd3 f5 35. exf5 Bxf5 36. Qxd4 Ne4+ 37. Qxe4 Bxe4 38. Bxe4 Rd2+ 39. Re2 Qd6 40. Ke1 Rxe2+ 41. Kxe2 Qc7 42. Rd1 Qc8 43. Rd7 g5 44. Bf5 1-0

[Event "Montreal Mercredi 11"]
[Site "Montreal"]
[Date "2011.11.16"]
[Round "1"]
[White "Valle, Ricardo"]
[Black "Rondon, Luciano"]
[Result "1-0"]
[WhiteElo "1939"]
[BlackElo "1836"]
[PlyCount "72"]
[EventDate "2011.11.16"]
[EventType "swiss"]
[EventRounds "5"]
[EventCountry "CAN"]
[SourceTitle "EXT 2022"]
[Source "ChessBase"]
[SourceDate "2021.10.06"]
[SourceVersion "1"]
[SourceVersionDate "2021.10.06"]
[SourceQuality "1"]

1. h3 e5 2. a3 d5 3. c4 dxc4 4. e3 Be6 5. Qc2 Bd6 6. Bxc4 Bxc4 7. Qxc4 c6 8. Nf3 Nf6 9. d4 e4 10. Nfd2 0-0 11. Nc3 Re8 12. d5 Qe7 13. b4 Nbd7 14. dxc6 Ne5 15. Qb3 Nd3+ 16. Kf1 bxc6 17. Rb1 Rad8 18. Nc4 Bc7 19. Bd2 Nd5 20. Nxd5 Rxd5 21. Be1 Qf6 22. Qc2 Qg6 23. Qa4 Bb6 24. g4 f5 25. b5 c5 26. Qb3 Red8 27. Rg1 Qf7 28. a4 fxg4 29. Rxg4 Rf8 30. Rxe4 Rf5 31. f4 Nxf4 32. exf4 Rxf4+ 33. Rxf4 Qxf4+ 34. Ke2 Re8+ 35. Kd1 Kh8 36. a5 Rd8+ 1-0

[Event "Montreal Mercredi 08"]
[Site "Montreal"]
[Date "2011.09.07"]
[Round "2"]
[White "Cardin, Guillaume"]
[Black "Valle, Ricardo"]
[Result "1-0"]
[WhiteElo "1947"]
[BlackElo "1947"]
[PlyCount "35"]
[EventDate "2011.08.31"]
[EventType "swiss"]
[EventRounds "5"]
[EventCountry "CAN"]
[SourceTitle "EXT 2022"]
[Source "ChessBase"]
[SourceDate "2021.10.06"]
[SourceVersion "1"]
[SourceVersionDate "2021.10.06"]
[SourceQuality "1"]

1. d4 Nf6 2. c4 e6 3. g3 c5 4. d5 exd5 5. cxd5 d6 6. Nc3 g6 7. Nf3 Bg7 8. Bg2 0-0 9. 0-0 a6 10. a4 b6 11. Re1 Re8 12. e4 Nbd7 13. Bf4 Qc7 14. e5 Nh5 15. exd6 Rxe1+ 16. Qxe1 Qb8 17. Qe8+ Bf8 18. Ng5 1-0